000 00770nam a2200229Ia 4500
003 GCL
008 140319s9999 xx 000 0 ara d
020 _a0537215977
040 _aGCL /
_cGCL
082 0 4 _a920.71
_bس س
100 1 _aسيد صديق عبدالفتاح
245 1 0 _aسير ونوادر ظرفاء وعظماء القرن العشرين /
_cسيد صديق عبدالفتاح
260 _aالقاهرة :
_bدار غريب للطباعة والنشر والتوزيع ،
_c2002
300 _a2 جزء ؛
_c15 سم
490 _a
650 0 4 _aالاهاجى والفكاهات
650 0 4 _aالتراجم الادبية
650 0 4 _aالتراجم
650 0 4 _aالضحك
650 0 4 _aالنوادر العربية
942 _2ddc
_cBK
999 _c45106
_d45106